The strategic approach to quality service in health care / (Record no. 343767)
[ view plain ]
| 000 -LEADER | |
|---|---|
| fixed length control field | 00674 a2200193 4500 |
| 020 ## - INTERNATIONAL STANDARD BOOK NUMBER | |
| International Standard Book Number | 0871897644 |
| 020 ## - INTERNATIONAL STANDARD BOOK NUMBER | |
| International Standard Book Number | 9780871897640 |
| 082 04 - DEWEY DECIMAL CLASSIFICATION NUMBER | |
| Classification number | 362.11068 |
| 090 ## - LOCALLY ASSIGNED LC-TYPE CALL NUMBER (OCLC); LOCAL CALL NUMBER (RLIN) | |
| -- | 1240 |
| -- | 1240 |
| 100 1# - MAIN ENTRY--PERSONAL NAME | |
| Personal name | Peterson, Kristine. |
| 245 14 - TITLE STATEMENT | |
| Title | The strategic approach to quality service in health care / |
| Statement of responsibility, etc. | Kristine Peterson. |
| 250 ## - EDITION STATEMENT | |
| Edition statement | illustrated edition ed. |
| 260 ## - PUBLICATION, DISTRIBUTION, ETC. | |
| Place of publication, distribution, etc. | [S.l.] : |
| Name of publisher, distributor, etc. | Aspen Pub, |
| Date of publication, distribution, etc. | 1988. |
| 300 ## - PHYSICAL DESCRIPTION | |
| Extent | 332 p. ; |
| Dimensions | 24 cm. |
| 500 ## - GENERAL NOTE | |
| General note | Hardcover. |
| 856 40 - ELECTRONIC LOCATION AND ACCESS | |
| Materials specified | Amazon.com |
| Uniform Resource Identifier | <a href="http://www.amazon.com/exec/obidos/ASIN/0871897644/chopaconline-20">http://www.amazon.com/exec/obidos/ASIN/0871897644/chopaconline-20</a> |
| 856 40 - ELECTRONIC LOCATION AND ACCESS | |
| Materials specified | Amazon customer reviews |
| Uniform Resource Identifier | <a href="http://www.chopac.org/cgi-bin/tools/azrev.pl?q=0871897644">http://www.chopac.org/cgi-bin/tools/azrev.pl?q=0871897644</a> |
| 942 ## - ADDED ENTRY ELEMENTS (KOHA) | |
| Institution code [OBSOLETE] | NBS |
| Koha item type | Book |
| Call number prefix | 362.11068 PET |
| Withdrawn status | Lost status | Damaged status | Not for loan | Permanent Location | Current Location | Date acquired | Total Checkouts | Full call number | Barcode | Date last seen | Date last checked out | Price effective from | Koha item type |
|---|---|---|---|---|---|---|---|---|---|---|---|---|---|
| Central Library (CL) | Central Library (CL) | 08/28/2013 | 1 | 362.11068 PET | NBS2902 | 11/23/2017 | 08/22/2017 | 08/28/2013 | Book |
